[Event "GER-chT Federal Cup (Women)"]
[Site "Braunfels"]
[Date "2021.10.22"]
[Round "2.38"]
[White "Marx, Christina"]
[Black "Freter, Anke"]
[Result "1/2-1/2"]
[WhiteElo "1573"]
[BlackElo "1815"]
[PlyCount "42"]
[EventDate "2021.10.19"]
[EventType "team-tourn"]
[EventRounds "5"]
[EventCountry "GER"]
[SourceTitle "CBM 204 Extra"]
[Source "ChessBase"]
[SourceDate "2021.11.30"]
[SourceVersion "1"]
[SourceVersionDate "2021.11.30"]
[SourceQuality "1"]

1. e4 c5 2. Nf3 Nc6 3. g3 g6 4. Bg2 Bg7 5. c3 d5 6. exd5 Qxd5 7. 0-0 Qh5 8. Nh4 Qxd1 9. Rxd1 Bd7 10. d3 e5 11. Be3 b6 12. Na3 Nge7 13. Nb5 0-0 14. d4 cxd4 15. cxd4 a6 16. dxe5 Bg4 17. f3 axb5 18. fxg4 Rac8 19. Bxb6 Nxe5 20. Re1 N7c6 21. Bxc6 Rxc6 1/2-1/2

[Event "SVR op"]
[Site "Lahnstein"]
[Date "2019.04.20"]
[Round "7"]
[White "Marx, Christina"]
[Black "Probstfeld, Bernd"]
[Result "1-0"]
[WhiteElo "1541"]
[BlackElo "1571"]
[PlyCount "41"]
[EventDate "2019.04.13"]
[EventType "swiss"]
[EventRounds "7"]
[EventCountry "GER"]
[SourceTitle "EXT 2021"]
[Source "ChessBase"]
[SourceDate "2020.10.23"]
[SourceVersion "1"]
[SourceVersionDate "2020.10.23"]
[SourceQuality "1"]

1. e4 d6 2. d4 Nf6 3. Nc3 g6 4. f4 Bg7 5. e5 dxe5 6. fxe5 Nd5 7. Nf3 0-0 8. Bc4 c6 9. 0-0 Bg4 10. h3 Bxf3 11. Rxf3 Nxc3 12. bxc3 Bxe5 13. Qf1 Bf6 14. Bh6 Re8 15. g4 Bxd4+ 16. cxd4 Qxd4+ 17. Be3 Qd8 18. Bxf7+ Kg7 19. Bxe8 Qxe8 20. Bd4+ e5 21. Re1 1-0

[Event "GER-chT Federal Cup (Women)"]
[Site "Braunfels"]
[Date "2017.06.15"]
[Round "1.6"]
[White "Marx, Christina"]
[Black "Huppertz, Andrea"]
[Result "0-1"]
[WhiteElo "1566"]
[BlackElo "1850"]
[PlyCount "106"]
[EventDate "2017.06.15"]
[EventType "team-swiss"]
[EventRounds "5"]
[EventCountry "GER"]
[SourceTitle "CBM 179 Extra"]
[Source "ChessBase"]
[SourceDate "2017.08.23"]
[SourceVersion "1"]
[SourceVersionDate "2017.08.23"]
[SourceQuality "1"]
[WhiteTeam "Rheinland Pfalz (W)"]
[BlackTeam "Nordrhein Westfalen (W)"]
[WhiteTeamCountry "GER"]
[BlackTeamCountry "GER"]

1. e4 c5 2. Nf3 d6 3. c3 Nf6 4. e5 dxe5 5. Nxe5 Be6 6. Bb5+ Nbd7 7. d3 a6 8. Ba4 b5 9. Nxd7 Qxd7 10. Bc2 Bd5 11. 0-0 e6 12. Bg5 Be7 13. Nd2 h6 14. Be3 Qb7 15. f3 0-0 16. Qe2 Bd6 17. Ne4 Nxe4 18. fxe4 Bc6 19. Qg4 Qc7 20. g3 Kh7 21. Rf2 f5 22. exf5 exf5 23. d4 g6 24. Qh4 Qg7 25. dxc5 Be7 26. Bxh6 Bxh4 27. Bxg7 Kxg7 28. gxh4 Rh8 29. Rf4 Rh6 30. Re1 Kf6 31. Kf2 Rd8 32. Kg3 Rd2 33. Rf2 Rxf2 34. Kxf2 Rxh4 35. Kg1 Rg4+ 36. Kf1 Rf4+ 37. Kg1 Rg4+ 38. Kf1 Bg2+ 39. Kf2 Bd5 40. Bb3 Be4 41. c6 Rg2+ 42. Kf1 Rxh2 43. c7 Rh8 44. Rd1 Ke7 45. Be6 Bb7 46. Kf2 Bc8 47. Bf7 g5 48. Bg6 Be6 49. Re1 Kd6 50. b3 Rc8 51. c4 bxc4 52. bxc4 Rxc7 53. Rd1+ Ke5 0-1

[Event "SVR-op"]
[Site "Heimbach Weis"]
[Date "2017.04.08"]
[Round "2"]
[White "Schnur, Edmund"]
[Black "Marx, Christina"]
[Result "1-0"]
[WhiteElo "1946"]
[BlackElo "1467"]
[PlyCount "83"]
[EventDate "2017.04.08"]
[EventType "swiss"]
[EventRounds "7"]
[EventCountry "GER"]
[SourceTitle "EXT 2020"]
[Source "ChessBase"]
[SourceDate "2019.10.17"]
[SourceVersion "1"]
[SourceVersionDate "2019.10.17"]
[SourceQuality "1"]

1. e4 e5 2. Nf3 d6 3. d4 exd4 4. Nxd4 Be7 5. c4 c5 6. Nf3 Nc6 7. Nc3 Nf6 8. Be2 Be6 9. 0-0 Qd7 10. Bf4 Rd8 11. Qa4 0-0 12. Rad1 a6 13. Be3 Qc7 14. Nd5 Bxd5 15. cxd5 Ne5 16. Nxe5 dxe5 17. f3 h6 18. Rc1 Qb6 19. Rb1 a5 20. a3 Qc7 21. Rfc1 b6 22. b4 Nd7 23. Bb5 Bg5 24. Bxg5 hxg5 25. bxa5 bxa5 26. Bc6 Nb8 27. Rb7 Qd6 28. Qb5 Nxc6 29. Qxc6 c4 30. Qxd6 Rxd6 31. Rxc4 f5 32. Rcc7 Rg6 33. Rc6 Rxc6 34. dxc6 Rc8 35. c7 Kf7 36. exf5 Ke7 37. Ra7 Kd6 38. Ra6+ Kxc7 39. Rxa5 Kd6 40. Ra6+ Kd5 41. Rg6 Kd4 42. Kf2 1-0

[Event "GER-chT Federal Cup (Women)"]
[Site "Braunfels"]
[Date "2015.06.07"]
[Round "5.6"]
[White "Marx, Christina"]
[Black "Gheng, Hannelore"]
[Result "0-1"]
[WhiteElo "1542"]
[BlackElo "1643"]
[PlyCount "94"]
[EventDate "2015.06.04"]
[EventType "team-swiss"]
[EventRounds "5"]
[EventCountry "GER"]
[SourceTitle "CBM 167 Extra"]
[Source "ChessBase"]
[SourceDate "2015.09.14"]
[SourceVersion "1"]
[SourceVersionDate "2015.09.14"]
[SourceQuality "1"]
[WhiteTeam "Rheinland Pfalz (W)"]
[BlackTeam "Wuerttemberg (W)"]
[WhiteTeamCountry "GER"]
[BlackTeamCountry "GER"]

1. e4 c5 2. Nf3 d6 3. c3 g6 4. d4 cxd4 5. cxd4 Bg7 6. Nc3 e6 7. Be3 Ne7 8. Be2 0-0 9. Qd2 Nbc6 10. Rc1 f5 11. Ng5 fxe4 12. Ncxe4 Nf5 13. Nf3 d5 14. Nc5 Qf6 15. Bg5 Qf7 16. Be3 b6 17. Nb3 Bb7 18. 0-0 a6 19. Rc2 Rae8 20. Qc1 Nb4 21. Rc7 Re7 22. Rxe7 Qxe7 23. a3 Rc8 24. Bg5 Rxc1 25. Bxe7 Rxf1+ 26. Kxf1 Nc2 27. Bd3 Ncxd4 28. Bxf5 Nxf5 29. Bd8 Bxb2 30. Bxb6 Bxa3 31. g4 Ng7 32. Nbd4 Bd6 33. h3 e5 34. Ne2 Ne6 35. Nd2 Nc5 36. f3 Kf7 37. Nc3 d4 38. Nce4 Nxe4 39. fxe4 Bb4 40. Nf3 Bxe4 41. Nxe5+ Ke6 42. Bxd4 Bd6 43. Nxg6 Bxg6 44. Kf2 Be5 45. Bc5 a5 46. Ke3 a4 47. Ba3 Bd6 0-1

[Event "SVR op"]
[Site "Nickenich"]
[Date "2015.04.03"]
[Round "6"]
[White "Marx, Christina"]
[Black "Haffner, Matthias"]
[Result "1/2-1/2"]
[WhiteElo "1535"]
[BlackElo "1654"]
[PlyCount "71"]
[EventDate "2015.03.28"]
[EventType "swiss"]
[EventRounds "7"]
[EventCountry "GER"]
[SourceTitle "EXT 2016"]
[Source "ChessBase"]
[SourceDate "2015.10.08"]
[SourceVersion "1"]
[SourceVersionDate "2015.10.08"]
[SourceQuality "1"]

1. e4 c5 2. Nc3 e6 3. Bc4 a6 4. a4 Nc6 5. Nf3 Qc7 6. Ne2 Nf6 7. d3 d5 8. exd5 exd5 9. Bb3 Bd6 10. Bg5 Be6 11. c4 d4 12. Qd2 Nh5 13. g3 h6 14. Bf4 Nxf4 15. Nxf4 Nb4 16. Ng2 0-0 17. 0-0 Bf5 18. Bc2 Qc6 19. Ngh4 Nxc2 20. Qxc2 Bg4 21. Nd2 Bh3 22. Rfe1 g5 23. Nhf3 Rae8 24. Ne4 f5 25. Ned2 f4 26. gxf4 Bxf4 27. Ne4 Bg4 28. Nfd2 Qe6 29. Nxc5 Bxh2+ 30. Kxh2 Qd6+ 31. Kg1 Qxc5 32. Rxe8 Rxe8 33. Ne4 Qf8 34. Re1 Kg7 35. Qb3 Re7 36. Qb6 1/2-1/2

[Event "SVR op"]
[Site "Nickenich"]
[Date "2015.04.02"]
[Round "5"]
[White "Mehlem, Sabine"]
[Black "Marx, Christina"]
[Result "1/2-1/2"]
[WhiteElo "1550"]
[BlackElo "1535"]
[PlyCount "35"]
[EventDate "2015.03.28"]
[EventType "swiss"]
[EventRounds "7"]
[EventCountry "GER"]
[SourceTitle "EXT 2016"]
[Source "ChessBase"]
[SourceDate "2015.10.08"]
[SourceVersion "1"]
[SourceVersionDate "2015.10.08"]
[SourceQuality "1"]

1. d4 Nf6 2. e3 d5 3. Bd3 e6 4. f4 c5 5. c3 Be7 6. Nd2 Nc6 7. Ngf3 Ng4 8. Qe2 f5 9. Nf1 c4 10. Bc2 b5 11. Bd2 a5 12. g3 Ba6 13. h3 Nf6 14. Ne5 Nxe5 15. fxe5 Ne4 16. Bxe4 dxe4 17. Nh2 g6 18. Rf1 1/2-1/2

[Event "SVR-op"]
[Site "Heimbach Weis"]
[Date "2014.04.19"]
[Round "7"]
[White "Marx, Christina"]
[Black "Goetz, Benjamin"]
[Result "0-1"]
[WhiteElo "1573"]
[BlackElo "1551"]
[PlyCount "74"]
[EventDate "2014.04.11"]
[EventType "swiss"]
[EventRounds "7"]
[EventCountry "GER"]
[SourceTitle "CBM 160 Extra"]
[Source "ChessBase"]
[SourceDate "2014.07.01"]
[SourceVersion "1"]
[SourceVersionDate "2014.07.01"]
[SourceQuality "1"]

1. e4 e5 2. Nc3 Bc5 3. Nf3 d6 4. Bc4 Nf6 5. 0-0 0-0 6. d3 h6 7. Ne2 Nc6 8. c3 Bb6 9. Ng3 Bg4 10. h3 Be6 11. Nh4 Nxe4 12. Ngf5 Ng5 13. Qg4 d5 14. Bb3 Kh7 15. Qg3 g6 16. Ne3 d4 17. Nc4 Bxc4 18. Bxc4 e4 19. Kh1 Qf6 20. f4 e3 21. f5 Kg7 22. cxd4 Qxd4 23. Rf4 Qe5 24. Nf3 Nxf3 25. Qxf3 Rae8 26. fxg6 f5 27. Rh4 f4 28. Bf7 e2 29. Bd2 Qxb2 30. Qxf4 Qxa1+ 31. Kh2 Qe5 32. Qxe5+ Rxe5 33. Bxh6+ Kf6 34. Bg7+ Kxg7 35. Rh7+ Kf6 36. g7 Kxf7 37. gxf8Q+ Kxf8 0-1

[Event "SVR-op"]
[Site "Heimbach Weis"]
[Date "2014.04.17"]
[Round "5"]
[White "Marx, Christina"]
[Black "Schoenberger, Kay"]
[Result "0-1"]
[WhiteElo "1573"]
[BlackElo "1758"]
[PlyCount "104"]
[EventDate "2014.04.11"]
[EventType "swiss"]
[EventRounds "7"]
[EventCountry "GER"]
[SourceTitle "CBM 160 Extra"]
[Source "ChessBase"]
[SourceDate "2014.07.01"]
[SourceVersion "1"]
[SourceVersionDate "2014.07.01"]
[SourceQuality "1"]

1. c4 Nf6 2. Nc3 g6 3. g3 Bg7 4. Bg2 0-0 5. e4 e5 6. Nge2 c5 7. d3 Nc6 8. 0-0 d6 9. Be3 Ng4 10. Qd2 Nd4 11. Nd5 Be6 12. Nec3 Qd7 13. f3 Nxe3 14. Nxe3 Bh6 15. Rae1 f5 16. exf5 Nxf5 17. f4 Nxe3 18. Qxe3 Rae8 19. Qe4 exf4 20. gxf4 b6 21. Qc6 Kg7 22. Bd5 Bf5 23. Ne4 Qxc6 24. Bxc6 Rc8 25. Bd5 Bxe4 26. Rxe4 Rce8 27. Rfe1 Rxe4 28. Rxe4 Bxf4 29. Re7+ Kh6 30. Kg2 Rf5 31. Bg8 Rh5 32. h3 Kg5 33. Rxh7 Rxh7 34. Bxh7 Bc1 35. b3 Kh6 36. Bg8 Kg7 37. Bd5 Kf6 38. Kf3 Ke5 39. Be4 g5 40. Kg4 Kd4 41. h4 gxh4 42. Kxh4 Kc3 43. Kg4 Kb2 44. Bc6 Kxa2 45. Ba4 Kb2 46. Kf5 Kc3 47. Ke4 Kb4 48. Kd5 Bf4 49. d4 cxd4 50. Kxd4 a6 51. Ke4 Bh2 52. Kd5 b5 0-1

[Event "SVR-op"]
[Site "Heimbach Weis"]
[Date "2014.04.13"]
[Round "3"]
[White "Marx, Christina"]
[Black "Senger, Alexander"]
[Result "1-0"]
[WhiteElo "1573"]
[BlackElo "1644"]
[PlyCount "89"]
[EventDate "2014.04.11"]
[EventType "swiss"]
[EventRounds "7"]
[EventCountry "GER"]
[SourceTitle "CBM 160 Extra"]
[Source "ChessBase"]
[SourceDate "2014.07.01"]
[SourceVersion "1"]
[SourceVersionDate "2014.07.01"]
[SourceQuality "1"]

1. e4 d5 2. exd5 Nf6 3. c4 e6 4. dxe6 Bxe6 5. Nf3 Nc6 6. Be2 Nd4 7. d3 Bb4+ 8. Bd2 Bxd2+ 9. Nbxd2 Nxe2 10. Qxe2 0-0 11. 0-0 Re8 12. d4 Bg4 13. Qd3 c5 14. d5 a6 15. a4 Bxf3 16. Nxf3 Qb6 17. b3 Qb4 18. Rfe1 h6 19. Re3 Rxe3 20. fxe3 Re8 21. h3 Ne4 22. Kh2 Qb6 23. Rg1 Qd6+ 24. g3 g5 25. Rg2 h5 26. Nd2 Nxg3 27. Kg1 h4 28. Nf3 Qf6 29. Kf2 Qb2+ 30. Nd2 Re5 31. Kf3 Kg7 32. e4 f5 33. Qe3 fxe4+ 34. Kg4 Kg6 35. Qxc5 Qc1 36. Qb6+ Kf7 37. Qxb7+ Re7 38. Rf2+ Kg6 39. Qxa6+ Kh7 40. Qf6 Qd1+ 41. Nf3 Rg7 42. Qd4 Qxb3 43. Nxg5+ Kh6 44. Qf6+ Rg6 45. Qh8# 1-0

[Event "SVR-op 36th"]
[Site "Idar Oberstein"]
[Date "2013.03.30"]
[Round "7"]
[White "Marx, Christina"]
[Black "Ley, Peter"]
[Result "0-1"]
[WhiteElo "1475"]
[BlackElo "1941"]
[PlyCount "84"]
[EventDate "2013.03.23"]
[EventType "swiss"]
[EventRounds "7"]
[EventCountry "GER"]
[SourceTitle "EXT 2014"]
[Source "ChessBase"]
[SourceDate "2013.11.20"]
[SourceVersion "1"]
[SourceVersionDate "2013.11.20"]
[SourceQuality "1"]

1. d4 g6 2. e4 Bg7 3. Nf3 d6 4. c4 Nd7 5. Be3 e5 6. Be2 Ngf6 7. Nc3 h6 8. d5 Ng4 9. Qd2 f5 10. exf5 gxf5 11. g3 Nxe3 12. Qxe3 0-0 13. Qd2 a6 14. Nh4 Qg5 15. f4 exf4 16. Nf3 Qe7 17. Qxf4 Nc5 18. Qd2 Re8 19. 0-0-0 Ne4 20. Nxe4 Qxe4 21. Rhe1 Bd7 22. Nh4 b5 23. Bd3 Qg4 24. Rf1 Bf6 25. Nxf5 Bxf5 26. Bxf5 Qxc4+ 27. Kb1 Re2 28. Be6+ Kg7 29. Rxf6 Rxd2 30. Rf7+ Kg6 31. Rxd2 c6 32. Rf4 Qc5 33. Rg4+ Kh7 34. dxc6 Rf8 35. Rd1 Qxc6 36. Bd5 Qc5 37. Be4+ Kh8 38. Rg6 Qe3 39. Re6 Rc8 40. Bf5 Qf3 41. Rxh6+ Kg7 42. Rh7+ Kg8 0-1

[Event "SVR-op 35th"]
[Site "Nickenich"]
[Date "2012.03.31"]
[Round "1"]
[White "Kottemer, Juergen"]
[Black "Marx, Christina"]
[Result "1-0"]
[WhiteElo "2070"]
[BlackElo "1426"]
[PlyCount "83"]
[EventDate "2012.03.30"]
[EventType "swiss"]
[EventRounds "7"]
[EventCountry "GER"]
[SourceTitle "EXT 2013"]
[Source "ChessBase"]
[SourceDate "2012.11.22"]
[SourceVersion "1"]
[SourceVersionDate "2012.11.22"]
[SourceQuality "1"]

1. d4 g6 2. c4 Bg7 3. Nc3 b6 4. e4 Bb7 5. Nf3 d6 6. Be2 Nd7 7. 0-0 e5 8. d5 Ngf6 9. Ne1 Qe7 10. Be3 Nc5 11. Qc2 c6 12. b4 Na6 13. dxc6 Bc8 14. Nd3 Nc7 15. Nd5 Qd8 16. f3 0-0 17. a4 Nfxd5 18. cxd5 f5 19. b5 Rb8 20. Nb4 h5 21. a5 Rf7 22. axb6 axb6 23. Rfc1 Ra8 24. Bxb6 Rxa1 25. Rxa1 fxe4 26. fxe4 Qg5 27. Qd3 h4 28. Be3 Qd8 29. b6 Ne8 30. b7 Bxb7 31. cxb7 Rxb7 32. Nc6 Qc8 33. Qa6 Bf6 34. Qa8 Rb1+ 35. Bf1 Qxa8 36. Rxa8 Kf7 37. Ra7+ Kf8 38. Bh6+ Bg7 39. Bg5 Nf6 40. Bxf6 Bxf6 41. Kf2 Rb2+ 42. Be2 1-0

[Event "SVR-op 34th"]
[Site "Reil"]
[Date "2011.04.23"]
[Round "7"]
[White "Marx, Christina"]
[Black "Klink, Elke"]
[Result "0-1"]
[WhiteElo "1543"]
[BlackElo "1541"]
[PlyCount "66"]
[EventDate "2011.04.16"]
[EventType "swiss"]
[EventRounds "7"]
[EventCountry "GER"]
[SourceTitle "EXT 2013"]
[Source "ChessBase"]
[SourceDate "2012.11.22"]
[SourceVersion "1"]
[SourceVersionDate "2012.11.22"]
[SourceQuality "1"]

1. c4 e5 2. Nc3 a6 3. Nf3 d6 4. d4 Nc6 5. d5 Na7 6. e4 Be7 7. Be3 Bg4 8. Be2 Bd7 9. Qc2 c5 10. dxc6 Nxc6 11. Nd5 Qa5+ 12. Bd2 Qd8 13. 0-0 h6 14. Be3 Kf8 15. a3 Bg4 16. Rad1 Nf6 17. Nxf6 Bxf6 18. c5 Bxf3 19. Bxf3 Nd4 20. Bxd4 exd4 21. Rfe1 Be5 22. cxd6 Qxd6 23. g3 Ke7 24. Qb3 Rab8 25. Bg2 g5 26. Rd3 b5 27. Rf3 f6 28. Rd3 h5 29. Qd5 Rhc8 30. f4 gxf4 31. gxf4 Bxf4 32. Qxd6+ Bxd6 33. Rxd4 Bc5 0-1

[Event "SVR-op 34th"]
[Site "Reil"]
[Date "2011.04.22"]
[Round "6"]
[White "Usczeck, Alina"]
[Black "Marx, Christina"]
[Result "0-1"]
[WhiteElo "1037"]
[BlackElo "1543"]
[PlyCount "130"]
[EventDate "2011.04.16"]
[EventType "swiss"]
[EventRounds "7"]
[EventCountry "GER"]
[SourceTitle "EXT 2013"]
[Source "ChessBase"]
[SourceDate "2012.11.22"]
[SourceVersion "1"]
[SourceVersionDate "2012.11.22"]
[SourceQuality "1"]

1. e4 c5 2. d4 cxd4 3. c3 dxc3 4. Nxc3 Nc6 5. Bc4 e6 6. Bf4 Bc5 7. Nf3 Nge7 8. Qd3 0-0 9. 0-0 Ng6 10. Bd6 Bxd6 11. Qxd6 a6 12. e5 Re8 13. Rfe1 Nge7 14. Re4 Nf5 15. Qd2 b5 16. Bd3 d6 17. Rae1 dxe5 18. Nxe5 Bb7 19. Rg4 Nxe5 20. Rxe5 Qf6 21. Re2 Nd4 22. Bxh7+ Kxh7 23. Qxd4 e5 24. Qd3+ g6 25. Qh3+ Kg7 26. Ne4 Rad8 27. f3 Bxe4 28. Rgxe4 Rh8 29. Qg3 Qb6+ 30. Qf2 Rd1+ 31. Re1 Qxf2+ 32. Kxf2 Rd2+ 33. R4e2 Rxe2+ 34. Rxe2 Kf6 35. h3 Rc8 36. Rd2 Ke6 37. Kg3 f6 38. Re2 f5 39. f4 e4 40. Kf2 Rc4 41. Rd2 Rc6 42. Ke3 Rc5 43. Ke2 a5 44. a3 a4 45. Kf2 Rd5 46. Re2 Rd3 47. Rc2 Kd5 48. Ke2 Rd4 49. Rc3 Rc4 50. Rg3 Rc6 51. Kd2 Rd6 52. Rc3 Rc6 53. Re3 Rc4 54. Rg3 Rd4+ 55. Ke2 b4 56. Ke1 bxa3 57. Rxa3 Rb4 58. Ra2 Kd4 59. Kd2 Rc4 60. Ra1 Rb4 61. Kc2 Ke3 62. g3 Rc4+ 63. Kb1 Kf2 64. Ra3 e3 65. Rxe3 Kxe3 0-1

[Event "SVR-op 34th"]
[Site "Reil"]
[Date "2011.04.21"]
[Round "4"]
[White "Luetz, Jannik"]
[Black "Marx, Christina"]
[Result "1-0"]
[WhiteElo "1314"]
[BlackElo "1543"]
[PlyCount "69"]
[EventDate "2011.04.16"]
[EventType "swiss"]
[EventRounds "7"]
[EventCountry "GER"]
[SourceTitle "EXT 2013"]
[Source "ChessBase"]
[SourceDate "2012.11.22"]
[SourceVersion "1"]
[SourceVersionDate "2012.11.22"]
[SourceQuality "1"]

1. e4 e5 2. Nf3 d6 3. d4 Bg4 4. dxe5 Bxf3 5. Qxf3 dxe5 6. Bc4 Nf6 7. Qb3 Qe7 8. Bxf7+ Qxf7 9. Qxb7 c6 10. Qxa8 Bd6 11. Be3 0-0 12. Qxa7 Qc4 13. Nc3 Nxe4 14. Nxe4 Qxe4 15. 0-0-0 Qg6 16. Rxd6 Qxd6 17. Bc5 Qh6+ 18. Kb1 Rd8 19. Qe7 Qd2 20. a3 Qa5 21. Qxe5 Na6 22. Bd4 Qxe5 23. Bxe5 Nc5 24. Kc1 Kf7 25. Rd1 Re8 26. Bd4 Ne6 27. Be3 Kf6 28. Rd6 Rc8 29. Kd2 Ke5 30. Rd3 c5 31. Kc3 h5 32. Kc4 Nd4 33. Bxd4+ cxd4+ 34. Kb3 Kd5 35. c3 1-0

[Event "SVR-op 31th"]
[Site "Idar Oberstein"]
[Date "2008.03.22"]
[Round "7"]
[White "Marx, Christina"]
[Black "Weber, Daniel"]
[Result "1-0"]
[WhiteElo "1478"]
[BlackElo "1673"]
[PlyCount "93"]
[EventDate "2008.03.15"]
[EventType "tourn"]
[EventRounds "7"]
[EventCountry "GER"]
[SourceTitle "EXT 2009"]
[Source "ChessBase"]
[SourceDate "2008.11.26"]
[SourceVersion "1"]
[SourceVersionDate "2008.11.26"]
[SourceQuality "1"]

1. c4 e6 2. d4 d5 3. Qd3 c5 4. Nf3 Nc6 5. e3 Nb4 6. Qb3 Nf6 7. a3 Na6 8. Ne5 Bd6 9. Nc3 Bd7 10. cxd5 Qb6 11. Nb5 Bxb5 12. Bxb5+ Kf8 13. dxe6 Nc7 14. e7+ Kxe7 15. Qxf7+ Kd8 16. Bc4 cxd4 17. Nd3 Qa5+ 18. Bd2 Qf5 19. 0-0 Qd7 20. exd4 Rf8 21. Qxd7+ Nxd7 22. Rae1 b5 23. Be6 Nf6 24. Ba5 Rb8 25. Nb4 Rb7 26. Nc6+ Ke8 27. Bc8+ Kf7 28. Bxb7 Nce8 29. Ne5+ Kg8 30. Bc8 Nc7 31. Bxc7 Bxc7 32. Be6+ Kh8 33. Nf7+ Kg8 34. Nd6+ Kh8 35. Nxb5 Bb6 36. d5 a6 37. Nc3 Ba5 38. b4 Bc7 39. Rd1 Bd6 40. Na4 Rd8 41. Nc5 Ra8 42. Nb7 Ne8 43. Bf7 Be5 44. Bxe8 Rxe8 45. Rfe1 Re7 46. d6 Rxb7 47. Rxe5 1-0